000 00981nac a22002531u 4500
010 _a 94016954
020 _a0824792432 (acid-free paper)
082 0 0 _a621.36
_bHUN
090 _c7095
_d7095
100 _aHunsperger, Robert G.
245 0 0 _aPhotonic devices and systems /
_cedited by Robert G. Hunsperger.
260 _aNew York :
_bMarcel Dekker,c1994.
_cc1994.
300 _axi, 426 p. :
_bill. ;
_c24 cm.
490 1 _aOptical engineering ;
_v45
500 _aDistributer: Al-Ahram.
504 _aIncludes bibliographical references and index.
511 _aCatalogued By: Mahitab.
650 0 _aPhotonics.
700 1 _aHunsperger, Robert G.
830 0 _aOptical engineering (Marcel Dekker, Inc.) ;
856 4 2 _3Publisher description
_uhttp://www.loc.gov/catdir/enhancements/fy0647/94016954-d.html
942 _cBB
_k621.36HUN
999 _c7095
_d7095